| 000 | 00320nam a2200133 i 4500 | ||
|---|---|---|---|
| 001 | bg | ||
| 100 | 1 | _aSEROGGIE, M. G. | |
| 245 | 0 |
_aRadio and Electronic Laboratory Handbook / _cM.G. Seroggie. |
|
| 260 |
_aLondon, _c1971. |
||
| 040 | _cBPK | ||
| 041 | _apol | ||
| 942 | _cKS | ||
| 008 | s pl f |000 0 pol | ||
| 999 |
_c14488 _d14488 |
||
| 856 |
_uhttp://koha.tu.koszalin.pl/cgi-bin/koha/opac-detail.pl?biblionumber=14488 _yKatalog online BPK |
||